| 000 | 01205cam a22003258i 4500 | ||
|---|---|---|---|
| 001 | 20392641 | ||
| 005 | 20180906121741.0 | ||
| 008 | 180906s2018 nyu 001 0 eng d | ||
| 010 | _a 2018010491 | ||
| 020 | _a9781138614277 | ||
| 020 | _a9781138614284 | ||
| 040 |
_aCO-BoUCM _bspa _cSaul Niño _dSaul Niño |
||
| 041 | 0 | _aeng | |
| 245 | 0 | 0 |
_aRitual, emotion, violence _bstudies on the micro-sociology of Randall Collins _cedited by Elliot B. Weininger, Annette Lareau, and Omar Lizardo |
| 260 |
_aNew York _aLondon _bRoutledge |
||
| 263 | _a2018 | ||
| 300 | _axvii, 270 páginas | ||
| 490 | 0 | _aSociology. social theory | |
| 546 | _aTexto en inglés | ||
| 600 | 1 | 0 |
_aCollins, Randall _d1941- _xCrítica e interpretación _993560 |
| 650 | 7 |
_aMicrosociología _9289 |
|
| 650 | 7 |
_aEstructura social _915153 |
|
| 650 | 7 |
_aSociología _9386 |
|
| 700 | 1 |
_aWeininger, Elliot B. _eeditor _993561 |
|
| 700 | 1 |
_aLareau, Annette _eeditor _993562 |
|
| 700 | 1 |
_aLizardo, Omar _eeditor _993563 |
|
| 776 | 0 | 8 |
_iOnline version: _tRitual, emotion, violence _dNew York, NY : Routledge, 2018 _z9780429464157 _w(DLC) 2018012472 |
| 942 |
_2DEWEY _a5 _cLIBRO _e1 _h301 _mR615e |
||
| 999 |
_c309754 _d309754 |
||